[Event "GER-ch U14 Girls"]
[Site "Oberhof"]
[Date "2012.06.01"]
[Round "8"]
[White "Reyher, Susan"]
[Black "Wetzler, Sophia"]
[Result "0-1"]
[WhiteElo "1413"]
[BlackElo "1297"]
[PlyCount "112"]
[EventDate "2012.05.27"]
[EventType "swiss"]
[EventRounds "9"]
[EventCountry "GER"]
[SourceTitle "CBM 148 Extra"]
[Source "ChessBase"]
[SourceDate "2012.06.22"]
[SourceVersion "1"]
[SourceVersionDate "2012.06.22"]
[SourceQuality "1"]

1. e4 e5 2. Nf3 Nc6 3. Bc4 Bc5 4. c3 Nf6 5. d3 h6 6. Bb3 d6 7. Nbd2 Bg4 8. Nf1 0-0 9. Ng3 d5 10. h3 Be6 11. 0-0 Qe7 12. Be3 Bxe3 13. fxe3 Rad8 14. exd5 Bxd5 15. Bxd5 Nxd5 16. Qe2 Rfe8 17. e4 Nf4 18. Qc2 Nxd3 19. Nf5 Qc5+ 20. Kh2 Kh7 21. Rad1 Nf4 22. Rxd8 Rxd8 23. a3 Qf8 24. Nxe5 Nxe5 25. Rxf4 g6 26. Nd4 a6 27. Qf2 Qd6 28. Kh1 Kg7 29. g3 c5 30. Ne2 Qd1+ 31. Qf1 Qxf1+ 32. Rxf1 Rd2 33. Nc1 Rxb2 34. Re1 Rc2 35. Ne2 Nf3 36. Rf1 Rxe2 37. Rxf3 Rxe4 38. Rf4 Re3 39. Rc4 Rxg3 40. Kh2 Rg5 41. h4 b5 42. hxg5 bxc4 43. gxh6+ Kxh6 44. Kg3 Kg5 45. a4 a5 46. Kf3 Kf5 47. Ke3 g5 48. Kf3 g4+ 49. Ke3 Ke5 50. Ke2 Ke4 51. Kf2 Kd3 52. Kg3 Kxc3 53. Kxg4 Kd3 54. Kf5 c3 55. Ke5 c2 56. Kd5 c1Q 0-1

[Event "GER-ch U14 Girls"]
[Site "Oberhof"]
[Date "2012.05.29"]
[Round "5"]
[White "Wetzler, Sophia"]
[Black "Lemke, Berfin"]
[Result "1/2-1/2"]
[WhiteElo "1297"]
[BlackElo "1517"]
[PlyCount "60"]
[EventDate "2012.05.27"]
[EventType "swiss"]
[EventRounds "9"]
[EventCountry "GER"]
[SourceTitle "CBM 148 Extra"]
[Source "ChessBase"]
[SourceDate "2012.06.22"]
[SourceVersion "1"]
[SourceVersionDate "2012.06.22"]
[SourceQuality "1"]

1. f4 d5 2. Nf3 c5 3. e3 Nc6 4. b3 Nf6 5. Bb5 Bd7 6. Bb2 e6 7. d3 Qa5+ 8. Nc3 d4 9. Bxc6 Bxc6 10. exd4 Bxf3 11. Qxf3 Nd5 12. 0-0 Nxc3 13. Qxb7 Ne2+ 14. Kh1 Rd8 15. Qc6+ Rd7 16. f5 Qb6 17. Qxb6 axb6 18. dxc5 Bxc5 19. Bxg7 Rg8 20. Bb2 Bd4 21. c3 Bxc3 22. Bxc3 Nxc3 23. Rac1 Rxd3 24. Rf3 Rd1+ 25. Rxd1 Nxd1 26. Kg1 Nb2 27. Rc3 Rg5 28. Rc8+ Ke7 29. Rc7+ Kf6 30. fxe6 fxe6 1/2-1/2

[Event "GER-ch U14 Girls"]
[Site "Oberhof"]
[Date "2012.05.28"]
[Round "3"]
[White "Wetzler, Sophia"]
[Black "Rosmait, Emily"]
[Result "0-1"]
[WhiteElo "1297"]
[BlackElo "1628"]
[PlyCount "90"]
[EventDate "2012.05.27"]
[EventType "swiss"]
[EventRounds "9"]
[EventCountry "GER"]
[SourceTitle "CBM 148 Extra"]
[Source "ChessBase"]
[SourceDate "2012.06.22"]
[SourceVersion "1"]
[SourceVersionDate "2012.06.22"]
[SourceQuality "1"]

1. e4 e5 2. Nf3 Nc6 3. Bc4 Nf6 4. Ng5 d5 5. exd5 Na5 6. Bb5+ c6 7. dxc6 bxc6 8. Bd3 Qd5 9. 0-0 h6 10. Nc3 Qd8 11. Nge4 Nd5 12. b3 Nf4 13. Qf3 f5 14. Ng3 g6 15. Re1 Nxd3 16. cxd3 Qc7 17. Bb2 Bd6 18. Na4 0-0 19. Bc3 Bb7 20. Qe2 c5 21. Bxe5 Qc6 22. f3 Rfe8 23. f4 Bxe5 24. fxe5 Rxe5 25. Qf2 Rae8 26. Rxe5 Rxe5 27. Rf1 Rd5 28. Qf3 Qd7 29. Qe3 Qc6 30. Qxh6 Rxd3 31. Rf2 Rd7 32. Qe3 Rd4 33. Qg5 Kh7 34. Qe7+ Kh6 35. Qf8+ Kh7 36. Nxc5 Ba8 37. Ne6 Qxe6 38. Qxa8 Qe1+ 39. Nf1 Qe7 40. Qf3 Nb7 41. Re2 Qc5 42. Qxb7+ Rd7+ 43. Kh1 Rxb7 44. Re1 Qc2 45. d4 Qd3 0-1